• 首页
  • 本馆介绍
  • 公告通知
  • 最新文献
  • 馆藏检索
  • 电子资源
  • 读者导购
  • 参考咨询
  • 我的图书馆
  • 登录
  • 详细信息显示
  • 放入我的书架
  • 预约/预借图书
  • 作者相关作品
  • 分类相关作品
  • 丛书相关作品
  • 出版社相关作品

书目信息

  • 表格格式
  • 工作单格式
  • 卡片格式
题名:
中国皇帝列传
    
 
作者: 云瑾 主编
分册: 叁  
出版信息: 北京   团结出版社  2021.04
页数: 4册 (14, 854页)
开本: 22cm
丛书名:
单 册:
中图分类: K827=2
科图分类:
主题词: 帝王--di wang--列传--中国--古代
电子资源:
ISBN: 978-7-5126-8724-0
000 00953nam0 2200241 450
001 CAL 012022050413
005 20230314101951.33
010    @a978-7-5126-8724-0@dCNY74.50
100    @a20221114d2021 em y0chiy0120 ea
101 0  @achi
102    @aCN@b110000
105    @aab z 000yc
106    @ar
200 1  @a中国皇帝列传@Azhong guo huang di lie zhuan@f云瑾主编@h叁
210    @a北京@c团结出版社@d2021.04
215    @a4册 (14, 854页)@c彩图, 地图@d22cm
330    @a本书挑选了对中国历史影响巨大的四十三位帝王, 记述他们在位期间重大决策形成和实施的详细过程, 重大历史事件发生及处理的每个步骤 ; 还细致地描绘皇帝与廷臣、皇帝与后妃之间复杂而微妙的关系, 详解皇帝们面对各个利益阶层博弈时的政治方法和艺术。
606 0  @a帝王@Adi wang@x列传@y中国@z古代
690    @aK827=2@v5
701  0 @a云瑾@Ayun jin@4主编
801  0 @aCN@bBJXHZP@c20230228
804    @a壹, 14, 200 ; 贰, 202-418 ; 叁, 420-636 ; 肆, 638-854
905    @b1388789-92@dK827=2@e1097:1@f4
    
    中国皇帝列传/云瑾主编.叁.-北京:团结出版社,2021.04
    4册 (14, 854页):彩图, 地图;22cm
    
    
    ISBN 978-7-5126-8724-0:CNY74.50
    本书挑选了对中国历史影响巨大的四十三位帝王, 记述他们在位期间重大决策形成和实施的详细过程, 重大历史事件发生及处理的每个步骤 ; 还细致地描绘皇帝与廷臣、皇帝与后妃之间复杂而微妙的关系, 详解皇帝们面对各个利益阶层博弈时的政治方法和艺术。
●
相关链接 在E读中查询图书 在五车中查询图书 在当当中查询图书 在豆瓣中查询图书


正题名:中国皇帝列传     索取号:K827=2/1097:1         预约/预借

序号 登录号 条形码 馆藏地/架位号 状态 备注
1 1382823   213828232   第二样本阅览室/ [索取号:K827=2/1097:1] 在馆    
2 1382824   213828241   第二借阅区/ [索取号:K827=2/1097:1] 在馆    
3 1382825   213828250   第二借阅区/ [索取号:K827=2/1097:1] 在馆    
4 1382826   213828269   第二借阅区/ [索取号:K827=2/1097:1] 在馆    
唐山师范学院图书馆 欢迎您!
大连网信软件有限公司© 版权所有